Kompozitné materiály na báze biodegradovateľných polymérov vhodné pre 3D tlač

Gespeichert in:
Bibliographische Detailangaben
1. Verfasser: Ballek, Juraj (Verfasst von)
Weitere Verfasser: Feranc, Jozef (Betreuung Doktorarbeit)
Format: Manuskript Buch
Sprache:Slowakisch
Veröffentlicht: 2021
Schlagworte:
Online-Zugang:http://is.stuba.sk/zp/portal_zp.pl?podrobnosti=157629
Tags: Tag hinzufügen
Keine Tags, Fügen Sie das erste Tag hinzu!

MARC

LEADER 00000ntm a22000003a 4500
001 stuzp84125
003 SK-STU
005 20210605210528.7
007 ta
008 150427s2015----xo-----f-mn---000-0-slo-d
040 |a STU  |b slo 
041 0 |a slo 
100 1 |a Ballek, Juraj  |u 049370  |4 aut  |U FCHPT Ústav prírodných a syntetických polymérov  |T FCHPT Oddelenie plastov, kaučuku a vlákien  |X 88575  |U C9370  |Y 128  |7 88575 
242 0 1 |a Composite materials based on biodegradable polymers suitable for 3D printing  |y eng 
245 1 0 |a Kompozitné materiály na báze biodegradovateľných polymérov vhodné pre 3D tlač 
260 |c 2021 
650 4 |a biodegradovateľná polymérna zmes  |2 slo 
650 4 |a kyselina polymliečna  |2 slo 
650 4 |a polyhydroxybutyrát  |2 slo 
650 4 |a anorganické plnivo  |2 slo 
650 4 |a 3D tlač  |2 slo 
650 4 |a polyhydroxybutyrate  |2 eng 
650 4 |a inorganic filler  |2 eng 
650 4 |a 3D printing  |2 eng 
650 4 |a biodegradable polymer blend  |2 eng 
650 4 |a polylactic acid  |2 eng 
700 1 |a Feranc, Jozef  |u 049370  |k Z2  |4 ths  |U FCHPT Ústav prírodných a syntetických polymérov  |T FCHPT Oddelenie plastov, kaučuku a vlákien  |X 10019  |U C9370  |Y 128  |7 A000010019 
856 4 |u http://is.stuba.sk/zp/portal_zp.pl?podrobnosti=157629